000 00687nam a2200289Ia 4500
005 20260324122731.0
008 008 260324s9999 xx 000 0 eng d
020 _a9780203100011
037 _aEBOOK
040 _aCRL
040 _beng
040 _cCRL
041 _2eng
041 _aeng
084 _qCRL
100 _aNorton Wheeler
_91167602
245 4 _aThe Role of American NGOs in China's Modernization
245 0 _bInvited Influence
260 _bTaylor and Francis
260 _c2012
365 _a
365 _b240
856 _uhttp://www.taylorfrancis.com/books/9780203100011
942 _cEBOOK
999 _c1760569
_d1760569